| 000 | 00544ntaaa2200193 4500 | ||
|---|---|---|---|
| 003 | 01 | ||
| 005 | 20251027202158.0 | ||
| 008 | 0714s1973 ag 01 | ||
| 040 |
_aAR-BaBN _bspa _cAR-BaBN _eaacr _dRIC |
||
| 082 | _a267.1000 G17 | ||
| 100 |
_aGardner, Thurman C. _920345 |
||
| 245 | _aAdvanced B.Y.P.U. methods | ||
| 250 | _a1 ed. | ||
| 260 |
_aDallas : _bBaptist General Convention of Texas, _cc1926 |
||
| 300 | _a174 p | ||
| 500 | _aMétodos para Unión Bautista de Jóvenes | ||
| 650 |
_aUnión Bautista de Preparación _917021 |
||
| 942 | _cBK | ||
| 999 |
_c16750 _d16750 |
||